|
|
|
|
| LEADER |
02111nam a2200625 i 4500 |
| 001 |
nkc20152749529 |
| 003 |
CZ PrNK |
| 005 |
20160115105340.0 |
| 007 |
ta |
| 008 |
151029s2015 xr a e 000 0 cze |
| 015 |
|
|
|a cnb002749529
|
| 020 |
|
|
|a 978-80-7389-131-2
|q (vázáno)
|
| 035 |
|
|
|a (OCoLC)939571811
|
| 040 |
|
|
|a BOA001
|b cze
|d ABA001
|e rda
|
| 072 |
|
7 |
|a 101
|x Filozofie
|2 Konspekt
|9 5
|
| 080 |
|
|
|a 165.12
|2 MRF
|
| 080 |
|
|
|a 111.1/.3
|2 MRF
|
| 080 |
|
|
|a 13
|2 MRF
|
| 080 |
|
|
|a 165.82
|2 MRF
|
| 080 |
|
|
|a 162.6
|2 MRF
|
| 080 |
|
|
|a 14:27
|2 MRF
|
| 080 |
|
|
|a 2:1
|2 MRF
|
| 080 |
|
|
|a (049)
|2 MRF
|
| 100 |
1 |
|
|a Slovanová, Světlana,
|d 1952-
|7 mzk2004148388
|4 aut
|
| 245 |
1 |
0 |
|a Novým myšlením o tajemství bytí a člověka :
|b dialektický realismus /
|c Světlana Slovanová
|
| 250 |
|
|
|a 1. vydání
|
| 264 |
|
1 |
|a Dobřejovice :
|b Alfa-Omega,
|c 2015
|
| 300 |
|
|
|a 135 stran :
|b ilustrace ;
|c 22 cm
|
| 336 |
|
|
|a text
|b txt
|2 rdacontent
|
| 337 |
|
|
|a bez média
|b n
|2 rdamedia
|
| 338 |
|
|
|a svazek
|b nc
|2 rdacarrier
|
| 490 |
1 |
|
|a Odborná a populárně-naučná literatura ;
|v 4. publikace
|
| 504 |
|
|
|a Obsahuje bibliografii
|
| 650 |
0 |
7 |
|a vědomí
|7 ph127380
|2 czenas
|
| 650 |
0 |
7 |
|a bytí
|7 ph136772
|2 czenas
|
| 650 |
0 |
7 |
|a duchovní život
|7 ph114375
|2 czenas
|
| 650 |
0 |
7 |
|a realismus (filozofie)
|7 ph234806
|2 czenas
|
| 650 |
0 |
7 |
|a dialektika
|7 ph119420
|2 czenas
|
| 650 |
0 |
7 |
|a křesťanská filozofie
|7 ph138449
|2 czenas
|
| 650 |
0 |
7 |
|a filozofie a náboženství
|7 ph114541
|2 czenas
|
| 650 |
0 |
9 |
|a consciousness
|2 eczenas
|
| 650 |
0 |
9 |
|a being
|2 eczenas
|
| 650 |
0 |
9 |
|a spiritual life
|2 eczenas
|
| 650 |
0 |
9 |
|a realism (philosophy)
|2 eczenas
|
| 650 |
0 |
9 |
|a dialectic
|2 eczenas
|
| 650 |
0 |
9 |
|a Christian philosophy
|2 eczenas
|
| 650 |
0 |
9 |
|a philosophy and religion
|2 eczenas
|
| 655 |
|
7 |
|a pojednání
|7 fd133056
|2 czenas
|
| 655 |
|
9 |
|a essays
|2 eczenas
|
| 830 |
|
0 |
|a Odborná a populárně-naučná literatura
|0 s
|
| 910 |
2 |
|
|a BOA001
|b 2-1358.330
|
| 990 |
|
|
|a BK
|
| 995 |
|
|
|a 01
|
| 991 |
|
|
|b 201601
|c NOV
|
| 996 |
6 |
|
|b 2610652667
|c 2-1358.330
|l MZK
|r Sklad / do 1 hodiny
|n 1
|p p.v.
|w 001535370
|u 000010
|a 1
|e BOA001
|j MZK50
|s P
|